[Event "EOC-ch-Final 2021"]
[Site "Online"]
[Date "2021.03.30"]
[Round "6.9"]
[White "Van Foreest, Jorden"]
[Black "Artemiev, Vladislav"]
[Result "1/2-1/2"]
[WhiteElo "2671"]
[BlackElo "2709"]
[PlyCount "62"]
[EventDate "2021.03.30"]
[EventType "team-tourn"]
[EventCountry "NET"]
[SourceTitle "playchess.com"]
[Source "ChessBase"]
[SourceQuality "1"]

1. e4 e5 2. Nf3 Nc6 3. Bc4 d6 4. O-O Be7 5. c3 Nf6 6. d3 O-O 7. Re1 Na5 8. Bb5
a6 9. Ba4 b5 10. Bc2 c5 11. h3 Nc6 12. d4 cxd4 13. cxd4 Nxd4 14. Nxd4 exd4 15.
Qxd4 Be6 16. Nc3 Rc8 17. Bf4 d5 18. exd5 Nxd5 19. Nxd5 Rxc2 20. Nxe7+ Qxe7 21.
Rac1 Rxc1 22. Rxc1 Rc8 23. Rxc8+ Bxc8 24. Qe5 Qxe5 25. Bxe5 f6 26. Bc3 Kf7 27.
f3 Ke6 28. Kf2 Kd5 29. Ke3 Bf5 30. a3 h5 31. Bb4 Bd7 1/2-1/2

[Event "EOC-ch-Final 2021"]
[Site "Online"]
[Date "2021.03.30"]
[Round "6.10"]
[White "Kamsky, Gata"]
[Black "Maghsoodloo, Parham"]
[Result "1/2-1/2"]
[WhiteElo "2665"]
[BlackElo "2676"]
[PlyCount "108"]
[EventDate "2021.03.30"]
[EventType "team-tourn"]
[EventCountry "NET"]
[SourceTitle "playchess.com"]
[Source "ChessBase"]
[SourceQuality "1"]

1. d4 Nf6 2. Nf3 b5 3. Bg5 Bb7 4. Nbd2 a6 5. e3 e6 6. c3 h6 7. Bxf6 Qxf6 8. Bd3
Qd8 9. a4 b4 10. a5 bxc3 11. bxc3 Be7 12. O-O O-O 13. Qb3 Ra7 14. Rfb1 d6 15.
c4 Nd7 16. Be4 Bxe4 17. Nxe4 Qa8 18. Nfd2 c5 19. d5 Rb8 20. Qa2 Rxb1+ 21. Rxb1
Rb7 22. dxe6 Rxb1+ 23. Qxb1 fxe6 24. h3 Qc6 25. Qd3 Qa4 26. f4 Qxa5 27. Nxd6
Qa1+ 28. Kf2 Nf8 29. N2e4 Qb2+ 30. Kf3 Ng6 31. g3 Qa1 32. Kg2 Bxd6 33. Qxd6
Qa2+ 34. Kf3 Qxc4 35. Qxc5 Qf1+ 36. Nf2 Nf8 37. g4 Qa1 38. Nd3 Qd1+ 39. Ke4
Qh1+ 40. Kd4 Qa1+ 41. Ke4 Qh1+ 42. Kd4 Qxh3 43. Ne5 Qg2 44. Qa7 Qd2+ 45. Kc4
Qd5+ 46. Kc3 Qd8 47. Qxa6 Qc7+ 48. Qc4 Qa5+ 49. Kd3 Qe1 50. Qd4 Qd1+ 51. Kc3
Qa1+ 52. Kd3 Qd1+ 53. Kc3 Qa1+ 54. Kd3 Qd1+ 1/2-1/2

[Event "EOC-ch-Final 2021"]
[Site "Online"]
[Date "2021.03.30"]
[Round "6.11"]
[White "Amin, Bassem"]
[Black "Timofeev, Artyom"]
[Result "1-0"]
[WhiteElo "2695"]
[BlackElo "2594"]
[PlyCount "85"]
[EventDate "2021.03.30"]
[EventType "team-tourn"]
[EventCountry "NET"]
[SourceTitle "playchess.com"]
[Source "ChessBase"]
[SourceQuality "1"]

1. Nf3 Nf6 2. g3 g6 3. Bg2 Bg7 4. O-O O-O 5. d3 Nc6 6. e4 e5 7. Nc3 d6 8. h3 h6
9. Be3 Be6 10. d4 exd4 11. Nxd4 Nxd4 12. Bxd4 Qd7 13. Qf3 Ne8 14. Bxg7 Nxg7 15.
Kh2 Qe7 16. Rfe1 Qg5 17. Rad1 Rad8 18. e5 Qf5 19. exd6 Rxd6 20. Rxd6 cxd6 21.
Qe3 d5 22. Qxa7 Qxc2 23. Re2 Qd3 24. Qe3 Qxe3 25. fxe3 Rd8 26. Rd2 Nf5 27. e4
Ne3 28. exd5 Bc8 29. Re2 Nc4 30. Ne4 Kg7 31. b3 Nb6 32. Nc5 Nd7 33. Nxd7 Bxd7
34. a4 b6 35. Re4 Bf5 36. Rc4 Rb8 37. Rb4 Rc8 38. g4 Bc2 39. Rxb6 Rc3 40. Rc6
Rxc6 41. dxc6 Bxb3 42. c7 Be6 43. Bb7 1-0

[Event "EOC-ch-Final 2021"]
[Site "Online"]
[Date "2021.03.30"]
[Round "6.12"]
[White "Sharafiev, Azat"]
[Black "Van Wely, Loek"]
[Result "0-1"]
[WhiteElo "2432"]
[BlackElo "2620"]
[PlyCount "124"]
[EventDate "2021.03.30"]
[EventType "team-tourn"]
[EventCountry "NET"]
[SourceTitle "playchess.com"]
[Source "ChessBase"]
[SourceQuality "1"]

1. d4 Nf6 2. Nf3 e6 3. Bg5 c5 4. e3 h6 5. Bh4 b6 6. Nbd2 Bb7 7. c3 Be7 8. Bd3
O-O 9. O-O Nc6 10. a3 cxd4 11. cxd4 Rc8 12. e4 d6 13. Rc1 Nh5 14. Bxe7 Nxe7 15.
Re1 Rxc1 16. Qxc1 Qd7 17. Qb1 Rc8 18. Rc1 Nf6 19. Rxc8+ Qxc8 20. Qc2 Qd8 21. b4
a6 22. a4 Nc6 23. Qc3 a5 24. b5 Nb4 25. Bb1 Kf8 26. h3 Ke7 27. Nh2 Qc8 28. Qg3
Ne8 29. Qh4+ Kf8 30. Nhf1 Nf6 31. Qg3 Qc7 32. Ne3 Qc1+ 33. Kh2 Ne8 34. Nec4 d5
35. Nd6 Qc7 36. Nxe8 Qxg3+ 37. Kxg3 Kxe8 38. e5 f6 39. exf6 gxf6 40. Kf4 Kf7
41. g4 Bc8 42. h4 Bd7 43. Nf3 Kg7 44. g5 hxg5+ 45. hxg5 Be8 46. gxf6+ Kxf6 47.
Ne5 Bh5 48. f3 Be8 49. Ng4+ Ke7 50. Kg5 Bxb5 51. axb5 a4 52. Ne5 Kd6 53. Nc6
Nxc6 54. bxc6 b5 55. Kf6 b4 56. Bc2 b3 57. Bd1 Kxc6 58. Kxe6 Kb5 59. Kxd5 Kb4
60. f4 a3 61. f5 a2 62. f6 a1=Q 0-1

[Event "EOC-ch-Final 2021"]
[Site "Online"]
[Date "2021.03.30"]
[Round "6.13"]
[White "Goryachkina, Aleksandra"]
[Black "Grandelius, Nils"]
[Result "1/2-1/2"]
[WhiteElo "2593"]
[BlackElo "2663"]
[PlyCount "115"]
[EventDate "2021.03.30"]
[EventType "team-tourn"]
[EventCountry "NET"]
[SourceTitle "playchess.com"]
[Source "ChessBase"]
[SourceQuality "1"]

1. d4 d5 2. c4 e6 3. Nc3 a6 4. cxd5 exd5 5. Bf4 Nf6 6. e3 Bd6 7. Bg5 Be6 8. Bd3
Nbd7 9. Nge2 O-O 10. h3 h6 11. Bf4 Qe7 12. O-O Rfe8 13. Rc1 Nh5 14. Bxd6 Qxd6
15. Na4 c6 16. Nc5 Nxc5 17. dxc5 Qe5 18. Nd4 Bd7 19. b4 g6 20. a4 Ng7 21. Qd2
h5 22. Rfe1 Qg5 23. Kh1 Ne6 24. Nf3 Qf6 25. Qc3 Qxc3 26. Rxc3 Rad8 27. Rd1 Kg7
28. Kg1 Kf6 29. Kf1 g5 30. Nd4 Nxd4 31. exd4 Bf5 32. Bxf5 Kxf5 33. Rf3+ Kg6 34.
b5 axb5 35. axb5 Ra8 36. Rb3 Ra2 37. Re1 Rxe1+ 38. Kxe1 Kf5 39. bxc6 bxc6 40.
Rb6 Ke4 41. Rxc6 Kd3 42. f3 Kxd4 43. Rc7 Rxg2 44. c6 Rc2 45. Rxf7 Rxc6 46. Rf5
Ke3 47. Re5+ Kf4 48. Rxd5 h4 49. Kf2 Rc2+ 50. Kg1 Ra2 51. Rb5 Ra3 52. Kg2 Ra2+
53. Kg1 Kxf3 54. Rxg5 Ra1+ 55. Kh2 Ra2+ 56. Kg1 Ra1+ 57. Kh2 Ra2+ 58. Kg1
1/2-1/2

[Event "EOC-ch-Final 2021"]
[Site "Online"]
[Date "2021.03.30"]
[Round "6.14"]
[White "Svane, Rasmus"]
[Black "Paehtz, Elisabeth"]
[Result "1/2-1/2"]
[WhiteElo "2613"]
[BlackElo "2467"]
[PlyCount "105"]
[EventDate "2021.03.30"]
[EventType "team-tourn"]
[EventCountry "NET"]
[SourceTitle "playchess.com"]
[Source "ChessBase"]
[SourceQuality "1"]

1. Nf3 Nf6 2. g3 g6 3. Bg2 Bg7 4. O-O O-O 5. d4 d6 6. Re1 d5 7. c4 c6 8. Qb3
Ne4 9. Nc3 e6 10. Bf4 Nd7 11. Nxe4 dxe4 12. Ne5 g5 13. Nxd7 Qxd7 14. Bxg5 Qxd4
15. Rab1 f5 16. Red1 Qb6 17. Qa3 Re8 18. c5 Qc7 19. Rd6 Be5 20. Rd2 Qg7 21. Qe3
Bc7 22. Rbd1 e5 23. Bd8 Bxd8 24. Rxd8 Be6 25. Rxa8 Rxa8 26. Rd6 Bd5 27. Qd2 Rf8
28. b4 a6 29. a4 Rf6 30. Rd8+ Rf8 31. Rd6 Rf6 32. b5 axb5 33. axb5 Rxd6 34.
cxd6 Qd7 35. bxc6 bxc6 36. Qg5+ Kf7 37. Bh3 Be6 38. Qh6 Qxd6 39. Qxh7+ Kf6 40.
Kg2 Qd7 41. Qh6+ Kf7 42. Qh8 Qd5 43. Qh5+ Kf6 44. e3 c5 45. Qh6+ Kf7 46. Qh7+
Kf6 47. Qh6+ Kf7 48. Qg5 Qd1 49. Qh6 Qf3+ 50. Kg1 Qd1+ 51. Kg2 Qf3+ 52. Kg1
Qd1+ 53. Kg2 1/2-1/2

[Event "EOC-ch-Final 2021"]
[Site "Online"]
[Date "2021.03.30"]
[Round "6.15"]
[White "Socko, Monika"]
[Black "Engel, Luis"]
[Result "1/2-1/2"]
[WhiteElo "2421"]
[BlackElo "2553"]
[PlyCount "179"]
[EventDate "2021.03.30"]
[EventType "team-tourn"]
[EventCountry "NET"]
[SourceTitle "playchess.com"]
[Source "ChessBase"]
[SourceQuality "1"]

1. e4 c5 2. Nf3 d6 3. Bb5+ Nd7 4. O-O a6 5. Bd3 Ngf6 6. Re1 e6 7. c3 b5 8. Bc2
Bb7 9. d4 Be7 10. Nbd2 Qc7 11. Nf1 O-O 12. Bg5 Rfc8 13. d5 exd5 14. exd5 Re8
15. Ne3 Bf8 16. b3 g6 17. c4 Bg7 18. Rc1 Ne4 19. Bxe4 Rxe4 20. Qd3 Rae8 21.
cxb5 axb5 22. Qxb5 h6 23. Bh4 f5 24. h3 f4 25. Nc2 Rxe1+ 26. Rxe1 Rxe1+ 27.
Ncxe1 g5 28. Nxg5 hxg5 29. Bxg5 Bxd5 30. Bxf4 Nf6 31. Nd3 Qe7 32. Qb8+ Bf8 33.
f3 Kf7 34. Bg5 Bg7 35. h4 c4 36. Nf4 c3 37. Qc8 Qa7+ 38. Kh2 Qc5 39. Qf5 Qd4
40. Qg6+ Kf8 41. Qf5 Qe5 42. Qc8+ Kf7 43. Kg1 Qe3+ 44. Kh2 Qe8 45. Qc7+ Kg8 46.
Bxf6 Bxf6 47. Nxd5 Qe5+ 48. f4 Qxd5 49. Qc8+ Kg7 50. Qg4+ Kh7 51. Qd7+ Bg7 52.
Qc7 Qd2 53. f5 Qf4+ 54. g3 Qf2+ 55. Kh1 Qxg3 56. b4 Qe1+ 57. Kg2 Qe4+ 58. Kg3
c2 59. f6 Qe3+ 60. Kg2 Qe4+ 61. Kg3 Qg6+ 62. Kh3 Qd3+ 63. Kg2 Qe2+ 64. Kh3 Qf3+
65. Kh2 Qf2+ 66. Kh3 Qf5+ 67. Kh2 Qxf6 68. Qxc2+ Qg6 69. Qxg6+ Kxg6 70. Kg3 Kf5
71. b5 Bd4 72. a4 Bb6 73. Kf3 d5 74. Kg3 Ke4 75. h5 d4 76. h6 d3 77. h7 Bd4 78.
b6 d2 79. b7 d1=Q 80. b8=Q Qg1+ 81. Kh3 Qh1+ 82. Qh2 Qf3+ 83. Qg3 Qh5+ 84. Qh4+
Qxh4+ 85. Kxh4 Kd5 86. a5 Kc6 87. a6 Kb6 88. Kg5 Kxa6 89. Kg6 Kb6 90. Kf7
1/2-1/2

[Event "EOC-ch-Final 2021"]
[Site "Online"]
[Date "2021.03.30"]
[Round "6.16"]
[White "Kramer, Julian"]
[Black "Skripchenko, Almira"]
[Result "1-0"]
[WhiteElo "2419"]
[BlackElo "2418"]
[PlyCount "167"]
[EventDate "2021.03.30"]
[EventType "team-tourn"]
[EventCountry "NET"]
[SourceTitle "playchess.com"]
[Source "ChessBase"]
[SourceQuality "1"]

1. e4 d6 2. d4 Nf6 3. Nc3 e5 4. dxe5 dxe5 5. Qxd8+ Kxd8 6. Nf3 Bd6 7. Be3 a6 8.
O-O-O Nbd7 9. Bc4 Ke8 10. Ng5 Rf8 11. f3 h6 12. Nh3 b5 13. Bb3 Bb7 14. Nd5 Nxd5
15. Bxd5 Bxd5 16. Rxd5 Ke7 17. Rhd1 Rad8 18. Ng1 Nf6 19. R5d3 Nd7 20. Ne2 Nc5
21. Rd5 Ne6 22. Ng3 g6 23. h3 h5 24. Ne2 c6 25. R5d2 Bc7 26. c3 Rxd2 27. Rxd2
Rd8 28. Rxd8 Bxd8 29. Kc2 Bc7 30. b4 Bd6 31. Nc1 c5 32. bxc5 Bxc5 33. Bd2 Kd6
34. Nd3 f6 35. g4 h4 36. Bc1 Kc6 37. g5 Be7 38. gxf6 Bxf6 39. Nb4+ Kb7 40. Nd5
Bg5 41. Ba3 Nf4 42. Nxf4 Bxf4 43. Be7 Bg3 44. c4 Kc6 45. Kb3 Bf2 46. Bf6 Bg3
47. cxb5+ axb5 48. Be7 Bf2 49. a4 bxa4+ 50. Kxa4 Bg3 51. Kb4 Be1+ 52. Kc4 Bg3
53. Bc5 Bf4 54. Bf2 g5 55. Bc5 Bc1 56. Be7 Kd7 57. Bf6 Ke6 58. Bd8 Kd7 59. Bf6
Ke6 60. Bh8 Bf4 61. Kc5 Bd2 62. Kc6 Ba5 63. Bg7 Bd8 64. Bf8 Ba5 65. Bc5 Bd8 66.
Bb4 Bf6 67. Kc7 Bh8 68. Kd8 Bf6+ 69. Ke8 Bg7 70. Be7 Bh6 71. Bd8 Bg7 72. Bxg5
Bf6 73. Be3 Be7 74. Bf2 Bg5 75. Kf8 Kf6 76. Be1 Kg6 77. Ke8 Bf6 78. Kd7 Kf7 79.
Kd6 Kg6 80. Ke6 Kg5 81. Bd2+ Kg6 82. Be1 Kg7 83. Kf5 Kf7 84. Bc3 1-0

[Event "EOC-ch-Final 2021"]
[Site "Online"]
[Date "2021.03.30"]
[Round "6.17"]
[White "Fedoseev, Vladimir"]
[Black "Bluebaum, Matthias"]
[Result "1-0"]
[WhiteElo "2687"]
[BlackElo "2670"]
[PlyCount "73"]
[EventDate "2021.03.30"]
[EventType "team-tourn"]
[EventCountry "NET"]
[SourceTitle "playchess.com"]
[Source "ChessBase"]
[SourceQuality "1"]

1. e4 e6 2. d4 d5 3. Nd2 c5 4. Ngf3 Nc6 5. Bb5 a6 6. Bxc6+ bxc6 7. O-O Nf6 8.
Re1 cxd4 9. e5 Nd7 10. Nxd4 c5 11. N4f3 Be7 12. c4 O-O 13. Qc2 Nb6 14. b3 Bb7
15. Ba3 Rc8 16. Rad1 Qc7 17. h4 h6 18. cxd5 exd5 19. e6 d4 20. Qf5 Bd5 21.
exf7+ Rxf7 22. Qh5 Rcf8 23. Re5 Qc6 24. Rc1 Bd6 25. Nxd4 Rxf2 26. N2f3 Qd7 27.
Kxf2 Bxe5 28. Qxe5 Re8 29. Qg3 Bxf3 30. Nxf3 Qd3 31. Kg1 Nd5 32. Bxc5 Rc8 33.
Qd6 Kh8 34. Re1 Qf5 35. Bd4 Kg8 36. Qe6+ Qxe6 37. Rxe6 1-0

[Event "EOC-ch-Final 2021"]
[Site "Online"]
[Date "2021.03.30"]
[Round "6.18"]
[White "Donchenko, Alexander"]
[Black "Vitiugov, Nikita"]
[Result "1-0"]
[WhiteElo "2678"]
[BlackElo "2715"]
[PlyCount "107"]
[EventDate "2021.03.30"]
[EventType "team-tourn"]
[EventCountry "NET"]
[SourceTitle "playchess.com"]
[Source "ChessBase"]
[SourceQuality "1"]

1. d4 Nf6 2. c4 e6 3. g3 c5 4. d5 exd5 5. cxd5 d6 6. Nc3 g6 7. Bg2 Bg7 8. Nf3
O-O 9. O-O Re8 10. Re1 Nbd7 11. Bf4 Ng4 12. Qd2 Nge5 13. Bg5 f6 14. Bh6 Bxh6
15. Qxh6 Qe7 16. Qd2 Nb6 17. b3 Bd7 18. a4 Rab8 19. Nb5 a6 20. Nc7 Rec8 21. Ne6
Nxd5 22. Nxe5 dxe5 23. Nxc5 Rxc5 24. Bxd5+ Be6 25. Bxe6+ Qxe6 26. Rac1 Rd5 27.
Qb4 Rd4 28. Rc4 Rd7 29. Rec1 Kg7 30. Rc7 Qd5 31. e4 Qe6 32. a5 Kh6 33. Rxd7
Qxd7 34. Qb6 Qd8 35. Rc7 g5 36. Kg2 Kg6 37. Rxb7 Rc8 38. Qe6 Rc7 39. Rxc7 Qxc7
40. Qxa6 g4 41. Qe6 Qxa5 42. Qxg4+ Kf7 43. Qd7+ Kg6 44. h4 Qb6 45. Qd5 Qb8 46.
Qc4 Qb7 47. b4 Kg7 48. b5 Qb6 49. Qc6 Qd4 50. b6 Qb4 51. b7 h5 52. Qc7+ Kg6 53.
b8=Q Qxe4+ 54. Kh2 1-0

[Event "EOC-ch-Final 2021"]
[Site "Online"]
[Date "2021.03.30"]
[Round "6.19"]
[White "Esipenko, Andrey"]
[Black "Heimann, Andreas"]
[Result "1-0"]
[WhiteElo "2677"]
[BlackElo "2606"]
[PlyCount "87"]
[EventDate "2021.03.30"]
[EventType "team-tourn"]
[EventCountry "NET"]
[SourceTitle "playchess.com"]
[Source "ChessBase"]
[SourceQuality "1"]

1. d4 Nf6 2. c4 e6 3. Nf3 d5 4. Nc3 Bb4 5. Qa4+ Nc6 6. e3 O-O 7. Qc2 b6 8. Bd2
Ba6 9. Qa4 Bb7 10. Be2 Bxc3 11. Bxc3 Ne4 12. O-O Nxc3 13. bxc3 dxc4 14. Bxc4
Na5 15. Be2 Qe7 16. Ne5 c5 17. Rfd1 Rfd8 18. Bh5 g6 19. Be2 Rac8 20. Rac1 Kg7
21. Qa3 Rc7 22. Qb2 cxd4 23. cxd4 Rdc8 24. Bd3 Bd5 25. Rxc7 Qxc7 26. e4 Bb7 27.
Qd2 h5 28. h4 Qe7 29. Nf3 Nc6 30. Qe3 Rd8 31. Bc2 e5 32. d5 Nb4 33. Qa3 a5 34.
Qb2 Nxc2 35. Qxc2 f6 36. Qb2 Rd6 37. Rc1 Ba6 38. Nd2 f5 39. Nf3 fxe4 40. Ng5
Bd3 41. Ne6+ Kf6 42. Rc7 Rd7 43. Rc6 Rxd5 44. Nc7+ 1-0

[Event "EOC-ch-Final 2021"]
[Site "Online"]
[Date "2021.03.30"]
[Round "6.20"]
[White "Keymer, Vincent"]
[Black "Ponkratov, Pavel"]
[Result "1-0"]
[WhiteElo "2591"]
[BlackElo "2619"]
[PlyCount "117"]
[EventDate "2021.03.30"]
[EventType "team-tourn"]
[EventCountry "NET"]
[SourceTitle "playchess.com"]
[Source "ChessBase"]
[SourceQuality "1"]

1. d4 Nf6 2. c4 e6 3. Nf3 c6 4. e3 d5 5. Bd3 Nbd7 6. O-O Bd6 7. Nbd2 O-O 8. e4
e5 9. cxd5 cxd5 10. exd5 exd4 11. Ne4 Nxe4 12. Bxe4 Nf6 13. Qxd4 Nxe4 14. Qxe4
Re8 15. Qd4 Bf5 16. Bg5 f6 17. Be3 Re4 18. Qd2 Bb4 19. Qd1 Qd7 20. Qb3 Bd6 21.
Nd4 Rh4 22. g3 Be4 23. Ne6 Rh5 24. Rad1 Rc8 25. Bf4 Bxf4 26. Nxf4 Bc2 27. Qf3
Bxd1 28. Rxd1 Re5 29. h4 Rce8 30. Kg2 Re1 31. Rxe1 Rxe1 32. Qc3 Re5 33. h5 a6
34. a3 Rf5 35. Qc4 Re5 36. Qc3 Kf7 37. Qb3 g5 38. hxg6+ hxg6 39. Qc2 Rf5 40.
Kg1 g5 41. Nh5 Rxd5 42. Qh7+ Ke6 43. Qg8+ Kf5 44. Qf8 Rd6 45. g4+ Ke5 46. Kh2
Qc7 47. Qe8+ Re6 48. Qg6 Kd4+ 49. Kg2 Qc6+ 50. Kh2 Qe4 51. Qg7 Qe5+ 52. Ng3 Qd5
53. Qc7 Qc6 54. Qa5 Re5 55. Nf5+ Kd3 56. Qb4 Qf3 57. Qc3+ Ke2 58. Nd4+ Kf1 59.
Qxf3 1-0

[Event "EOC-ch-Final 2021"]
[Site "Online"]
[Date "2021.03.30"]
[Round "7.1"]
[White "Bluebaum, Matthias"]
[Black "Duda, Jan-Krzysztof"]
[Result "0-1"]
[WhiteElo "2670"]
[BlackElo "2743"]
[PlyCount "144"]
[EventDate "2021.03.30"]
[EventType "team-tourn"]
[EventCountry "NET"]
[SourceTitle "playchess.com"]
[Source "ChessBase"]
[SourceQuality "1"]

1. d4 Nf6 2. Nf3 e6 3. e3 b6 4. Bd3 Bb7 5. O-O d5 6. b3 Nbd7 7. c4 dxc4 8. bxc4
c5 9. d5 exd5 10. cxd5 Nxd5 11. Bc4 Be7 12. Bxd5 Bxd5 13. Qxd5 Bf6 14. Qe4+ Kf8
15. Nd4 cxd4 16. exd4 Nc5 17. Qf3 Ne6 18. Nc3 Nxd4 19. Qe4 Qe8 20. Ba3+ Kg8 21.
Rad1 h5 22. Kh1 Rh6 23. Bc1 Rg6 24. Be3 Qxe4 25. Nxe4 Nf5 26. Rd5 Nxe3 27. fxe3
Be7 28. Rxh5 Re6 29. Ng5 Bxg5 30. Rxg5 Rxe3 31. a4 Ra3 32. Rg4 Re8 33. h4 Re5
34. Rd4 Re7 35. Kh2 Ra2 36. Rf5 f6 37. Rf3 Rae2 38. Rff4 Kf7 39. Rg4 R2e5 40.
Kh3 g6 41. Rgf4 Kg7 42. Rd6 Re3+ 43. g3 R3e6 44. Rfd4 Re1 45. Rf4 f5 46. Rf2
R1e6 47. Rfd2 Rxd6 48. Rxd6 Kh6 49. a5 b5 50. a6 b4 51. Rd4 Re6 52. Rxb4 Rxa6
53. Rb7 Ra3 54. Kg2 Kh5 55. Rg7 a5 56. Kh2 a4 57. Kg2 Rb3 58. Kh3 Kh6 59. Ra7
a3 60. Ra4 Rc3 61. Kg2 Rd3 62. Kh2 Kg7 63. Kh3 Kf6 64. Ra6+ Ke5 65. Kg2 Rd2+
66. Kh3 a2 67. Ra4 Kd5 68. g4 fxg4+ 69. Kg3 Kc5 70. Ra8 Kb5 71. Ra7 Kb4 72.
Kxg4 Rd4+ 0-1

[Event "EOC-ch-Final 2021"]
[Site "Online"]
[Date "2021.03.30"]
[Round "7.2"]
[White "Moranda, Wojciech"]
[Black "Donchenko, Alexander"]
[Result "1/2-1/2"]
[WhiteElo "2618"]
[BlackElo "2678"]
[PlyCount "137"]
[EventDate "2021.03.30"]
[EventType "team-tourn"]
[EventCountry "NET"]
[SourceTitle "playchess.com"]
[Source "ChessBase"]
[SourceQuality "1"]

1. d4 Nf6 2. c4 e6 3. Nf3 d5 4. Nc3 Bb4 5. Qb3 c5 6. dxc5 Nc6 7. Bg5 dxc4 8.
Qxc4 Qa5 9. Bxf6 gxf6 10. Rc1 Qxc5 11. Qh4 Ke7 12. g3 Bxc3+ 13. Rxc3 Qb4 14.
Qxb4+ Nxb4 15. a3 Nd5 16. Rc1 Bd7 17. Bg2 Rac8 18. O-O Rxc1 19. Rxc1 Rc8 20.
Rxc8 Bxc8 21. Nd2 Nb6 22. b3 f5 23. Kf1 Nd7 24. e4 fxe4 25. Bxe4 h6 26. Ke2 b6
27. f4 e5 28. Ke3 exf4+ 29. Kxf4 Nf6 30. Bf3 Be6 31. Ke5 Nd7+ 32. Kd4 Nf6 33.
b4 Kd6 34. Nc4+ Bxc4 35. Kxc4 Nd7 36. Kd4 Ne5 37. Be2 Ke6 38. Bd1 Kd6 39. h4 f5
40. Ba4 Nf3+ 41. Ke3 Ne5 42. Bb3 Ke7 43. Ba2 Nc6 44. Bd5 Ne5 45. Kd4 Kd6 46.
Bg2 Ke6 47. a4 Kd6 48. a5 bxa5 49. bxa5 Ng6 50. a6 Ne7 51. Bb7 Ng6 52. Bg2 Ne7
53. Bf3 Ng6 54. Bh5 Ne7 55. Be8 Nd5 56. Bf7 Ne7 57. Be8 Nd5 58. Bb5 Ne7 59. Ba4
Nd5 60. Bc2 Nb4 61. Bxf5 Nxa6 62. g4 Nc7 63. g5 hxg5 64. hxg5 Ne6+ 65. Bxe6
Kxe6 66. Kc5 Kf5 67. Kb5 Kxg5 68. Ka6 Kf5 69. Kxa7 1/2-1/2

[Event "EOC-ch-Final 2021"]
[Site "Online"]
[Date "2021.03.30"]
[Round "7.3"]
[White "Meier, Georg"]
[Black "Tomczak, Jacek"]
[Result "1-0"]
[WhiteElo "2628"]
[BlackElo "2610"]
[PlyCount "129"]
[EventDate "2021.03.30"]
[EventType "team-tourn"]
[EventCountry "NET"]
[SourceTitle "playchess.com"]
[Source "ChessBase"]
[SourceQuality "1"]

1. Nf3 Nf6 2. g3 b5 3. Bg2 Bb7 4. d4 e6 5. Bg5 h6 6. Bxf6 Qxf6 7. O-O c5 8. c3
Qd8 9. a4 b4 10. cxb4 cxb4 11. Nbd2 Be7 12. Ne5 Bxg2 13. Kxg2 O-O 14. Rc1 Qb6
15. e3 Na6 16. Qf3 Rad8 17. Ndc4 Qc7 18. Nd2 Qb6 19. b3 Nc7 20. Rc2 Nd5 21.
Rfc1 Qb8 22. Ne4 Qa8 23. h4 f5 24. Nd2 Kh7 25. Nd3 Bf6 26. h5 Bg5 27. Rc5 Be7
28. R5c4 Bd6 29. R4c2 Be7 30. Nf4 Nc3 31. Qxa8 Rxa8 32. Nb1 Nxb1 33. Rxb1 Rfc8
34. Rbc1 Rxc2 35. Rxc2 Bd6 36. Ng6 Kg8 37. f3 Re8 38. e4 fxe4 39. fxe4 e5 40.
d5 Kf7 41. Kf3 Rb8 42. Kg4 Re8 43. Nh4 Rb8 44. Nf5 Bf8 45. Rc7 Kf6 46. Rxa7 Rc8
47. Ra6+ Kf7 48. Nd6+ Bxd6 49. Rxd6 Rc3 50. Rxd7+ Kf6 51. Rd6+ Kf7 52. a5 Rxb3
53. a6 Ra3 54. Rb6 b3 55. Kf5 b2 56. Rxb2 Rxa6 57. Rb7+ Kg8 58. Kxe5 Ra3 59. g4
Kf8 60. d6 Ra4 61. Kf5 Ra5+ 62. e5 Kg8 63. d7 Kh7 64. Rb6 Rd5 65. Rd6 1-0

[Event "EOC-ch-Final 2021"]
[Site "Online"]
[Date "2021.03.30"]
[Round "7.4"]
[White "Teclaf, Pawel"]
[Black "Keymer, Vincent"]
[Result "0-1"]
[WhiteElo "2507"]
[BlackElo "2591"]
[PlyCount "109"]
[EventDate "2021.03.30"]
[EventType "team-tourn"]
[EventCountry "NET"]
[SourceTitle "playchess.com"]
[Source "ChessBase"]
[SourceQuality "1"]

1. Nf3 d5 2. e3 Nf6 3. c4 c6 4. Nc3 e6 5. Qc2 Bd6 6. b3 O-O 7. Bb2 e5 8. cxd5
cxd5 9. Nb5 Nc6 10. Nxd6 Qxd6 11. d4 e4 12. Ne5 Nb4 13. Qd2 Ne8 14. a3 Na6 15.
f3 f6 16. Ng4 exf3 17. gxf3 Bxg4 18. fxg4 Qe6 19. Bg2 Nac7 20. h3 Nd6 21. O-O
f5 22. gxf5 Nxf5 23. Rae1 Nh4 24. Qe2 Rxf1+ 25. Rxf1 Re8 26. Bc1 Nxg2 27. Qxg2
Nb5 28. Kh2 Nd6 29. Bd2 b6 30. Qf3 a5 31. Be1 Ne4 32. Qf4 Rc8 33. Qf5 Qd6+ 34.
Kg1 Rf8 35. Qg4 Rxf1+ 36. Kxf1 h6 37. b4 a4 38. Ke2 b5 39. Qc8+ Kh7 40. Qe8 Qg6
41. Qxb5 Qh5+ 42. Kf1 Qxh3+ 43. Kg1 Qxe3+ 44. Kf1 Qf3+ 45. Kg1 Qd1 46. Kf1 Nd2+
47. Kf2 Qf3+ 48. Kg1 Qe3+ 49. Bf2 Qh3 50. Be1 Nf3+ 51. Kf2 Qf5 52. Qxa4 Nxd4+
53. Kg1 Qg4+ 54. Kh1 Qe4+ 55. Kh2 0-1

[Event "EOC-ch-Final 2021"]
[Site "Online"]
[Date "2021.03.30"]
[Round "7.5"]
[White "Grandelius, Nils"]
[Black "Fedoseev, Vladimir"]
[Result "0-1"]
[WhiteElo "2663"]
[BlackElo "2687"]
[PlyCount "92"]
[EventDate "2021.03.30"]
[EventType "team-tourn"]
[EventCountry "NET"]
[SourceTitle "playchess.com"]
[Source "ChessBase"]
[SourceQuality "1"]

1. e4 e5 2. Nf3 Nc6 3. Bb5 a6 4. Ba4 Nf6 5. O-O Be7 6. d3 d6 7. c3 O-O 8. Re1
Bd7 9. Nbd2 Qe8 10. Bc2 Nh5 11. d4 g6 12. Nc4 Bf6 13. Ne3 Bg7 14. Nd5 Rc8 15.
h3 f5 16. exf5 gxf5 17. dxe5 dxe5 18. Nf4 Nf6 19. Qe2 exf4 20. Qc4+ Qf7 21.
Qxf7+ Kxf7 22. Bb3+ Kg6 23. Nh4+ Kh5 24. g3 Bh6 25. Bd1+ Ng4 26. Ng2 fxg3 27.
fxg3 Bxc1 28. Rxc1 Rce8 29. hxg4+ fxg4 30. Nf4+ Kg5 31. Ba4 b5 32. Rxe8 Rxe8
33. Rd1 Ne5 34. Bb3 h5 35. Rd5 Bf5 36. Ng2 c6 37. Rc5 Kf6 38. Nf4 Rh8 39. c4 h4
40. cxb5 axb5 41. gxh4 Rxh4 42. Kg2 g3 43. Ne2 Be4+ 44. Kxg3 Rg4+ 45. Kh2 Rg2+
46. Kh3 Rxe2 0-1

[Event "EOC-ch-Final 2021"]
[Site "Online"]
[Date "2021.03.30"]
[Round "7.6"]
[White "Matlakov, Maxim"]
[Black "Svane, Rasmus"]
[Result "1-0"]
[WhiteElo "2688"]
[BlackElo "2613"]
[PlyCount "77"]
[EventDate "2021.03.30"]
[EventType "team-tourn"]
[EventCountry "NET"]
[SourceTitle "playchess.com"]
[Source "ChessBase"]
[SourceQuality "1"]

1. d4 Nf6 2. c4 e6 3. Nf3 d5 4. Bg5 dxc4 5. e4 b5 6. a4 Bb7 7. axb5 Bxe4 8.
Bxc4 Nbd7 9. Nc3 Bb7 10. O-O Be7 11. Qe2 O-O 12. Rfd1 Nb6 13. Bb3 Nfd5 14. Bd2
c6 15. bxc6 Bxc6 16. Ne5 Bb7 17. Ne4 Nf6 18. Nc5 Bd5 19. Bc2 Nfd7 20. b4 Nxe5
21. dxe5 a5 22. Ra3 g6 23. Rh3 axb4 24. Qe3 f5 25. exf6 Rxf6 26. Bxb4 Qf8 27.
Ne4 Bxe4 28. Bxe7 Qxe7 29. Bxe4 Rb8 30. Rg3 Nd7 31. h4 Nf8 32. h5 Rb5 33. hxg6
hxg6 34. Qd3 Qe8 35. Ra1 Rb8 36. Ra7 Rd8 37. Qc3 Rd7 38. Qxf6 Rxa7 39. Bxg6 1-0

[Event "EOC-ch-Final 2021"]
[Site "Online"]
[Date "2021.03.30"]
[Round "7.7"]
[White "Heinemann, Thies"]
[Black "Esipenko, Andrey"]
[Result "0-1"]
[WhiteElo "2502"]
[BlackElo "2677"]
[PlyCount "80"]
[EventDate "2021.03.30"]
[EventType "team-tourn"]
[EventCountry "NET"]
[SourceTitle "playchess.com"]
[Source "ChessBase"]
[SourceQuality "1"]

1. e4 e5 2. Nf3 Nc6 3. Bb5 a6 4. Bxc6 dxc6 5. O-O Qf6 6. h3 Bd7 7. c3 Ne7 8. d4
Ng6 9. Be3 Qe6 10. Nbd2 f6 11. dxe5 Nxe5 12. Nxe5 Qxe5 13. f4 Qe6 14. Qc2 Be7
15. f5 Qf7 16. Nf3 g6 17. fxg6 Qxg6 18. Nh4 Qg3 19. Qf2 Qxf2+ 20. Rxf2 c5 21.
Nf5 Bf8 22. Rd1 b6 23. Ng3 Be7 24. Nh5 O-O-O 25. Nxf6 Be6 26. Nd5 Bh4 27. Rfd2
Rhg8 28. Kh1 Rdf8 29. a3 Kb7 30. Bg1 Bg5 31. Re2 Rd8 32. Ne3 Rxd1 33. Nxd1 Bc4
34. Re1 Bd2 35. Re3 Bf1 36. g3 Bxe3 37. Nxe3 Bxh3 38. Kh2 Bd7 39. Kg2 Bc6 40.
Kf3 Rf8+ 0-1